Рекомендации по научной работе; Наукоемкие технологии; № 2-3

Podrobná bibliografie
Parent link:Наукоемкие технологии: научно-технический журнал.— , 2001-
№ 2-3.— 2004.— С. 112-114
Hlavní autor: Черемухин А. Г.
Další autoři: Черемухин Д. Г.
Jazyk:ruština
Vydáno: 2004
Témata:
Médium: MixedMaterials Kapitola
KOHA link:https://koha.lib.tpu.ru/cgi-bin/koha/opac-detail.pl?biblionumber=390990

MARC

LEADER 00000naa2a2200000 4500
001 390990
005 20231101064034.0
035 |a (RuTPU)RU\TPU\prd\24571 
090 |a 390990 
100 |a 20040330a2004 k y0rusy50 ca 
101 0 |a rus 
102 |a RU 
200 1 |a Рекомендации по научной работе  |f А. Г. Черемухин, Д. Г. Черемухин 
320 |a Библиогр.: 9 назв. 
461 1 |0 (RuTPU)RU\TPU\prd\1139  |t Наукоемкие технологии  |o  научно-технический журнал  |d 2001- 
463 1 |0 (RuTPU)RU\TPU\prd\23930  |t № 2-3  |v С. 112-114  |d 2004 
610 1 |a научные работы 
610 1 |a рекомендации 
700 1 |a Черемухин  |b А. Г. 
701 1 |a Черемухин  |b Д. Г. 
801 1 |a RU  |b 63413507  |c 20040330  |g PSBO 
942 |c BK